[Event "Vignola op 5th"]
[Site "Vignola"]
[Date "2006.11.25"]
[Round "3"]
[White "Grandi, Davide"]
[Black "Prisco, Lorenzo"]
[Result "0-1"]
[WhiteElo "1691"]
[BlackElo "1452"]
[PlyCount "52"]
[EventDate "2006.11.24"]
[EventType "swiss"]
[EventRounds "5"]
[EventCountry "ITA"]
[SourceTitle "EXT 2011"]
[Source "ChessBase"]
[SourceDate "2010.11.26"]
[SourceVersion "1"]
[SourceVersionDate "2010.11.26"]
[SourceQuality "1"]

1. c4 e5 2. Nc3 Nf6 3. g3 Bc5 4. Bg2 d6 5. h3 Nbd7 6. e3 Rb8 7. Nge2 a6 8. d4 Ba7 9. 0-0 0-0 10. Qc2 h6 11. d5 Nh7 12. Kh1 Ndf6 13. e4 Bd7 14. f4 exf4 15. Bxf4 Nh5 16. Qd2 Nxf4 17. Rxf4 Ng5 18. Kh2 Qc8 19. Rh4 Bxh3 20. Rxh3 Qxh3+ 21. Bxh3 Nf3+ 22. Kg2 Nxd2 23. b3 Rfe8 24. Rd1 Nxe4 25. Rd3 Nxc3 26. Nxc3 Re1 0-1